000 00524nam a2200205 a 4500
005 20210219153404.0
008 991125n 000 0 u
035 _aUPN01000095819
100 1 _aAvery, Carol
222 _aINSTRUCTOR
245 _aReady to write. Awesome adjectives
300 _a18-19
362 _a102, No. 9, 1993
505 _aNoviembre 1993
653 0 _aADJETIVOS
653 0 _aESCRITURA (COMPOSICION)
653 0 _aMEJORAMIENTO DE LA ESCRITURA
904 _aAC
_b033630
905 _aArticulo
999 _c75677
_d75677